| Поле | Название | Значение |
| |
Тип записи |
a |
| |
Библиографический уровень |
c |
| 001 |
Контрольный номер |
6925168893474cd38da9da3eeac78128 |
| 005 |
Дата корректировки |
20260529150634.8 |
| 010 |
Индекс ISBN |
__ |
| a |
ISBN |
978-5-17-153416-5 |
| b |
Уточнения |
в пер. |
| 9 |
Тираж |
2000 экз. |
| d |
Цена |
958-00 |
| 100 |
Данные общей обработки |
__ |
| a |
Данные общей обработки |
20260528d2023 ma y0rusy028902 ca |
| 101 |
Язык документа |
0_ |
| a |
Язык текста |
rus |
| 102 |
Страна публикации |
__ |
| a |
Страна публикации |
RU |
| 105 |
Кодированные данные (монография) |
__ |
| a |
Кодированные данные (монография) |
y z 000yb |
| 181 |
Поле кодированных данных: вид содержания |
_0 |
| a |
Код вида содержания (ISBD) |
i |
| 182 |
Поле кодированных данных: тип средства |
_0 |
| a |
Код типа средства (ISBD) |
n |
| 200 |
Заглавие и сведения об ответственности |
1_ |
| a |
Заглавие |
Техника художественной прозы |
| e |
Сведения, относящиеся к заглавию |
лекции |
| f |
Первые сведения об ответственности |
Евгений Замятин |
| 203 |
Вид содержания и тип средства |
__ |
| a |
Вид содержания |
Текст |
| c |
Тип средства |
непосредственный |
| 210 |
Выходные данные |
1_ |
| a |
Место издания |
Москва |
| c |
Издательство |
АСТ |
| c |
Издательство |
ОГИЗ |
| d |
Дата издания |
2023 |
| 215 |
Физическое описание |
__ |
| a |
Объем |
415 с. |
| d |
Формат |
21 см |
| 225 |
Серия |
2_ |
| a |
Серия |
Библиотека филолога |
| 330 |
Аннотация |
__ |
| a |
Аннотация |
Лекции, прочитанные Евгением Замятиным (1884-1937) молодым советским писателям и поэтам почти сразу после революции, были впервые опубликованы лишь 70 лет спустя, на закате Советского Союза. В них автор романа-антиутопии "Мы" предстает с новой стороны: как тонкий стилист с острым литературным чутьем, видевший текст насквозь, до самой изнанки. Репортажная манера сочетается здесь с философскими заключениями, объясняющими сюжет, фабулу, язык, изобразительность, ритм и стиль художественного произведения. В сборник включены также две автобиографии Евгения Замятина, который так не любил говорить о себе, его размышления о литературе переломной эпохи, в том числе нашумевшее в начале прошлого века эссе "Я боюсь", и ряд повестей, упоминающихся в лекциях... |
| 333 |
Примечание о целевом назначении |
__ |
| a |
Примечание о целевом назначении |
12+. Для детей старше 12 лет |
| 464 |
Аналитический уровень |
_0 |
| 1 |
|
2001 |
| a |
|
Ловец человеков |
| e |
|
повесть |
| 464 |
Аналитический уровень |
_0 |
| 1 |
|
2001 |
| a |
|
Островитяне |
| e |
|
повесть |
| 464 |
Аналитический уровень |
_0 |
| 1 |
|
2001 |
| a |
|
Уездное |
| e |
|
повесть |
| 464 |
Аналитический уровень |
_0 |
| 1 |
|
2001 |
| a |
|
Землемер |
| 464 |
Аналитический уровень |
_0 |
| 1 |
|
2001 |
| a |
|
Африка |
| 464 |
Аналитический уровень |
_0 |
| 1 |
|
2001 |
| a |
|
Север |
| 600 |
Персоналии |
_1 |
| a |
Персоналии (Фамилия) |
Замятин |
| f |
Даты |
1884-1937 |
| g |
Полное имя |
Евгений Иванович |
| 2 |
Код системы |
nlr_sh |
| b |
Персоналии (Имя) |
Е. И. |
| 606 |
Тематические рубрики |
__ |
| a |
Основная рубрика |
Литературоведение |
| 2 |
Код системы |
nlr_sh |
| 606 |
Тематические рубрики |
__ |
| a |
Основная рубрика |
Теория литературы |
| 2 |
Код системы |
nlr_sh |
| 606 |
Тематические рубрики |
__ |
| 2 |
Код системы |
nlr_sh |
| a |
Основная рубрика |
Художественная литература |
| 606 |
Тематические рубрики |
__ |
| 2 |
Код системы |
nlr_sh |
| a |
Основная рубрика |
Русская литература XX в. (произведения) |
| 610 |
Ключевые слова |
0_ |
| a |
Ключевые слова |
автобиографии |
| 610 |
Ключевые слова |
0_ |
| a |
Ключевые слова |
автобиографии писателей |
| 610 |
Ключевые слова |
0_ |
| a |
Ключевые слова |
персоналии |
| 610 |
Ключевые слова |
0_ |
| a |
Ключевые слова |
работа с текстом |
| 610 |
Ключевые слова |
0_ |
| a |
Ключевые слова |
русская литература |
| 610 |
Ключевые слова |
0_ |
| a |
Ключевые слова |
советская литература |
| 610 |
Ключевые слова |
0_ |
| a |
Ключевые слова |
советская фантастика |
| 610 |
Ключевые слова |
0_ |
| a |
Ключевые слова |
повести |
| 610 |
Ключевые слова |
0_ |
| a |
Ключевые слова |
литературное творчество |
| 686 |
Индексы других классификаций |
__ |
| a |
Классификационный индекс |
84(2=411.2)6-445 |
| 2 |
Код системы |
rubbks |
| 686 |
Индексы других классификаций |
__ |
| 2 |
Код системы |
rubbks |
| a |
Классификационный индекс |
83.02 |
| 700 |
Автор |
_1 |
| a |
Фамилия |
Замятин |
| b |
Имя |
Е. И. |
| g |
Полное личное имя |
Евгений Иванович |
| 4 |
Код отношения |
070 |
| f |
Даты |
1884-1937 |
| 801 |
Источник записи |
_0 |
| a |
Страна |
RU |
| b |
Организация |
Муниципальное бюджетное учреждение культуры "Централизованная библиотечная система" г. Сургут (Центральная городская библиотека им. А. С. Пушкина) |
| g |
Правила каталогизации |
PSBO |
| c |
Дата составления |
20260528 |
| 801 |
Источник записи |
_1 |
| a |
Страна |
RU |
| b |
Организация |
Муниципальное бюджетное учреждение культуры "Централизованная библиотечная система" г. Сургут (Центральная городская библиотека им. А. С. Пушкина) |
| g |
Правила каталогизации |
PSBO |
| c |
Дата составления |
20260528 |
| 852 |
Данные о местонахождении |
__ |
| j |
Шифр хранения |
84(2=411.2)6-445 |
| i |
Авторский знак |
З-26 |
| 900 |
Макрообъекты |
__ |
| a |
Макрообъекты |
Техника художественной прозы. Замятин, Е. И., 2023 |
| 901 |
Тип документа |
__ |
| t |
Тип документа |
x |
| a |
Ответственный |
ООФиК/Волкова |
| 901 |
Тип документа |
__ |
| a |
Ответственный |
6 партия |
| 903 |
Характеристики (МАРС) |
__ |
| a |
Дата передачи |
20260528 |
| c |
Наименование библиотеки (МАРС) |
Муниципальное бюджетное учреждение культуры "Централизованная библиотечная система" г. Сургут (Центральная городская библиотека им. А. С. Пушкина) |
| 969 |
Тип издания |
__ |
| a |
Тип издания |
научно-популярное издание |
| a |
Тип издания |
Ф 26 |
| 990 |
Данные о заказе (DOS) |
__ |
| j |
Количество экземпляров (DOS) |
4 |
| t |
N записи в КСУ для И/У (DOS) |
202606 |